| 000 | 00957nam a2200253 a 4500 | ||
|---|---|---|---|
| 001 | 25870 | ||
| 003 | CO-ViMGA | ||
| 008 | 141112s2004 ck r 000 u spa d | ||
| 020 | _a9789589177860 | ||
| 040 |
_aCO-ViMGA _bspa _cCO-ViMGA |
||
| 041 | _aSPA | ||
| 082 | 0 | 4 | _a920.0861 R27 |
| 100 | 1 |
_aHoyos Gómez, Camilo _940290 |
|
| 245 | 1 | 0 |
_aRetratos de nuestras gentes / _cCamilo Hoyos Gómez... [et al.] ; editor Conrado Zuluaga Osorio |
| 250 | _a1a ed. | ||
| 260 |
_aBogotá : _bMinisterio de Cultura, _c2012 |
||
| 300 | _a291 p. : il. | ||
| 600 |
_aARENAS BETANCOURT, RODRIGO, 1919 - 1995 / GALAN SARMIENTO, LUIS CARLOS, 1943 - 1989 / GARCIA MARQUEZ, GABRIEL, 1928 - / MORALES LOPEZ, JOSE A., 1914 - 1978 / PADILLA, JOSE PRUDENCIO, 1788 - 1828 _940291 |
||
| 650 | 1 | 4 |
_aARTISTAS COLOMBIANOS _940292 |
| 650 | 1 | 4 |
_aAUTORES COLOMBIANOS _932 |
| 650 | 1 | 4 |
_aINTELECTUALES - COLOMBIA _940293 |
| 651 |
_aCOLOMBIA - VIDA INTELECTUAL _940294 |
||
| 942 |
_2ddc _cBK |
||
| 999 |
_c5435 _d5435 |
||